[Event "GER-ch U18 Girls"]
[Site "Willingen"]
[Date "2007.05.26"]
[Round "1"]
[White "Zemella, Jennifer"]
[Black "Dobrusina, Anna"]
[Result "1-0"]
[WhiteElo "1962"]
[BlackElo "1542"]
[PlyCount "95"]
[EventDate "2007.05.26"]
[EventType "swiss"]
[EventRounds "9"]
[EventCountry "GER"]
[SourceTitle "CBM 118 Extra"]
[Source "ChessBase"]
[SourceDate "2007.07.04"]
[SourceVersion "1"]
[SourceVersionDate "2007.07.04"]
[SourceQuality "1"]

1. e4 d6 2. d4 Nf6 3. Nc3 e5 4. Nf3 Nbd7 5. dxe5 dxe5 6. Bc4 Be7 7. Bxf7+ Kxf7 8. Ng5+ Kg8 9. Ne6 Qe8 10. Nxc7 Qg6 11. Nxa8 Qxg2 12. Rf1 Nc5 13. f3 Bh3 14. Rf2 Qg1+ 15. Ke2 Qg6 16. Be3 Ne6 17. Nd5 Kf7 18. Nac7 Nxc7 19. Nxc7 Rd8 20. Qg1 Rc8 21. Qxg6+ Kxg6 22. Nb5 Rxc2+ 23. Kd1 Rxf2 24. Bxf2 a6 25. Nc3 Be6 26. Kc2 Kh5 27. Rg1 g5 28. Ne2 Kg6 29. Kd3 Nh5 30. b3 Bd7 31. Be3 Bb5+ 32. Kd2 Bxe2 33. Kxe2 h6 34. Rc1 Bd6 35. Rd1 Ba3 36. Rd7 Nf4+ 37. Bxf4 gxf4 38. Rxb7 Kh5 39. Rb6 Bf8 40. Rxa6 Kh4 41. Re6 Bg7 42. Rg6 Bf8 43. a4 Kh3 44. a5 h5 45. a6 Bc5 46. b4 Bd4 47. b5 Kxh2 48. Rh6 1-0

[Event "GER North-chT U16"]
[Site "Magdeburg"]
[Date "2006.08.26"]
[Round "1.2"]
[White "Hingst, Silke"]
[Black "Dobrusina, Anna"]
[Result "1/2-1/2"]
[WhiteElo "1447"]
[BlackElo "1622"]
[PlyCount "127"]
[EventDate "2006.08.26"]
[EventType "team"]
[EventRounds "7"]
[EventCountry "GER"]
[SourceTitle "EXT 2007"]
[Source "ChessBase"]
[SourceDate "2006.11.23"]
[SourceVersion "1"]
[SourceVersionDate "2006.11.23"]
[SourceQuality "1"]

1. e4 c5 2. d4 cxd4 3. c3 d5 4. exd5 Qxd5 5. Qxd4 Qxd4 6. cxd4 Nc6 7. Be3 Nb4 8. Kd1 Bf5 9. Bb5+ Kd8 10. Na3 Rc8 11. Bc4 e6 12. Rc1 a6 13. Nf3 b5 14. Ne5 Ke7 15. Bb3 Rxc1+ 16. Bxc1 Nf6 17. Bd2 Nd3 18. Nxd3 Bxd3 19. f3 Kd7 20. Nc2 Bxc2+ 21. Bxc2 Nd5 22. Re1 g6 23. Bb3 Nb4 24. Ke2 a5 25. a3 Nc6 26. Kd3 Bg7 27. Bc3 b4 28. d5 bxc3 29. dxc6+ Kxc6 30. bxc3 Rd8+ 31. Kc2 Rc8 32. Re4 Kd6 33. c4 Rc5 34. Kd3 e5 35. g4 Bh6 36. Ba4 Bc1 37. Be8 f6 38. a4 Rc8 39. Bf7 Kc5 40. Kc3 Rb8 41. Re1 Bb2+ 42. Kc2 Bd4 43. Rb1 Rxb1 44. Kxb1 Kb4 45. Bg8 h6 46. Bf7 g5 47. Be8 Kxc4 48. Kc2 Bg1 49. h3 Kd4 50. Kd2 e4 51. fxe4 Kxe4 52. Ke2 Bc5 53. Bd7 Kf4 54. Kd3 Kg3 55. Ke4 Kxh3 56. Kf5 Kh4 57. Kg6 Bf8 58. Kf7 Bb4 59. Kg6 Bc3 60. Kxh6 Kg3 61. Kg6 Kf4 62. Bf5 Ke5 63. Bc8 Kf4 64. Bf5 1/2-1/2

[Event "GER-ch U16 Girls"]
[Site "Willingen"]
[Date "2006.06.09"]
[Round "9"]
[White "Billing, Tanja"]
[Black "Dobrusina, Anna"]
[Result "0-1"]
[WhiteElo "1644"]
[BlackElo "1564"]
[PlyCount "44"]
[EventDate "2006.06.03"]
[EventType "swiss"]
[EventRounds "9"]
[EventCountry "GER"]
[SourceTitle "EXT 2007"]
[Source "ChessBase"]
[SourceDate "2006.11.23"]
[SourceVersion "1"]
[SourceVersionDate "2006.11.23"]
[SourceQuality "1"]

1. c4 Nf6 2. d4 g6 3. Nc3 Bg7 4. e3 0-0 5. Bd3 d6 6. f4 Nbd7 7. Nf3 c5 8. 0-0 cxd4 9. exd4 Qb6 10. Na4 Qc7 11. Re1 Re8 12. d5 Nb6 13. Nxb6 Qxb6+ 14. Kh1 Ng4 15. Qe2 Nf2+ 16. Kg1 Nxd3+ 17. Be3 Nc5 18. Rab1 Qc7 19. b4 Ne4 20. Qc2 Bf5 21. g4 Bxg4 22. Nh4 Nf6 0-1

[Event "Hamburg Junge op"]
[Site "Hamburg"]
[Date "2005.10.07"]
[Round "7"]
[White "Dobrusina, Anna"]
[Black "Weithart, Michael"]
[Result "0-1"]
[WhiteElo "1535"]
[BlackElo "1936"]
[PlyCount "64"]
[EventDate "2005.10.01"]
[EventType "swiss"]
[EventRounds "9"]
[EventCountry "GER"]
[SourceTitle "CBM 108 Extra"]
[Source "ChessBase"]
[SourceDate "2005.11.04"]
[SourceVersion "1"]
[SourceVersionDate "2005.11.04"]
[SourceQuality "1"]

1. e4 c5 2. Nf3 d6 3. d4 cxd4 4. Nxd4 Nf6 5. Nc3 Nc6 6. Be3 e6 7. f3 Be7 8. Qd2 a6 9. 0-0-0 Qc7 10. g4 h6 11. h4 Bd7 12. g5 hxg5 13. Bxg5 0-0-0 14. Qg2 Kb8 15. Be3 Nh5 16. Be2 Bf6 17. f4 Nxd4 18. Bxd4 Nxf4 19. Qf2 Bxd4 20. Qxd4 Qxc3 21. Qxd6+ Qc7 22. Bf3 Qxd6 23. Rxd6 Kc7 24. Rd2 Bc6 25. h5 Rxd2 26. Kxd2 f5 27. Rh4 e5 28. Ke3 fxe4 29. Bxe4 Bxe4 30. Kxe4 Kd6 31. Rg4 Nxh5 32. Rg5 Nf6+ 0-1

[Event "Hamburg Junge op"]
[Site "Hamburg"]
[Date "2005.10.06"]
[Round "6"]
[White "Schwerdtfeger, Wolfgang"]
[Black "Dobrusina, Anna"]
[Result "1-0"]
[WhiteElo "1888"]
[BlackElo "1535"]
[PlyCount "59"]
[EventDate "2005.10.01"]
[EventType "swiss"]
[EventRounds "9"]
[EventCountry "GER"]
[SourceTitle "CBM 108 Extra"]
[Source "ChessBase"]
[SourceDate "2005.11.04"]
[SourceVersion "1"]
[SourceVersionDate "2005.11.04"]
[SourceQuality "1"]

1. d4 Nf6 2. c4 g6 3. Nc3 Bg7 4. e4 d6 5. Be2 0-0 6. Bg5 h6 7. Be3 e5 8. d5 Nfd7 9. g4 f5 10. gxf5 gxf5 11. exf5 Nf6 12. Bd3 Rf7 13. Nge2 Nh5 14. Qd2 Bxf5 15. Bxf5 Rxf5 16. Bxh6 Qf6 17. Bxg7 Qxg7 18. Rg1 Nf4 19. Rxg7+ Kxg7 20. Nxf4 Rxf4 21. 0-0-0 Nd7 22. Rg1+ Kf6 23. Qe2 Rh8 24. Ne4+ Ke7 25. f3 Rfh4 26. Rg2 Nf6 27. Nxf6 Kxf6 28. b3 Kf5 29. Qc2+ Kf4 30. Qe4# 1-0

[Event "GER-ch U16 Girls"]
[Site "Willingen"]
[Date "2005.05.19"]
[Round "7"]
[White "Dobrusina, Anna"]
[Black "Benzen, Marthe"]
[Result "0-1"]
[WhiteElo "1528"]
[BlackElo "1547"]
[PlyCount "62"]
[EventDate "2005.05.14"]
[EventType "swiss"]
[EventRounds "9"]
[EventCountry "GER"]
[SourceTitle "CBM 106 Extra"]
[Source "ChessBase"]
[SourceDate "2005.07.01"]
[SourceVersion "1"]
[SourceVersionDate "2005.07.01"]
[SourceQuality "1"]

1. e4 e5 2. Nf3 Nc6 3. d4 exd4 4. c3 d6 5. Bc4 Ne5 6. Nxe5 dxe5 7. Qb3 Qf6 8. 0-0 Bd6 9. Nd2 Ne7 10. h3 dxc3 11. Nf3 0-0 12. Bg5 Qg6 13. Bxe7 Bxe7 14. Nxe5 Qf6 15. Nxf7 Rxf7 16. Bxf7+ Qxf7 17. Qxc3 Bf6 18. e5 Bd8 19. Rad1 Be6 20. Qd4 Be7 21. b3 Qg6 22. g4 b6 23. Qd3 Qe8 24. f4 Rd8 25. Qe4 Bc5+ 26. Kh2 c6 27. Rxd8 Qxd8 28. Qxc6 Qd2+ 29. Kg3 Qe3+ 30. Kh4 Be7+ 31. g5 Qxh3# 0-1

[Event "GER-ch U16 Girls"]
[Site "Willingen"]
[Date "2005.05.17"]
[Round "6"]
[White "Dobrusina, Anna"]
[Black "Laake, Jasmin Maria"]
[Result "0-1"]
[WhiteElo "1528"]
[BlackElo "1941"]
[PlyCount "54"]
[EventDate "2005.05.14"]
[EventType "swiss"]
[EventRounds "9"]
[EventCountry "GER"]
[SourceTitle "CBM 106 Extra"]
[Source "ChessBase"]
[SourceDate "2005.07.01"]
[SourceVersion "1"]
[SourceVersionDate "2005.07.01"]
[SourceQuality "1"]

1. e4 c5 2. Nf3 Nc6 3. d4 cxd4 4. Nxd4 Nf6 5. Nc3 e6 6. Be3 Bb4 7. Bg5 Qa5 8. Bxf6 Bxc3+ 9. Ke2 gxf6 10. bxc3 Qxc3 11. Nb5 Qe5 12. Ke3 a6 13. Nd4 Qc5 14. Qd2 e5 15. c3 b5 16. Rc1 Bb7 17. f4 Rc8 18. Kf3 exd4 19. cxd4 Nxd4+ 20. Kg4 Rg8+ 21. Kh4 Qxc1 22. Qxc1 Rxc1 23. g3 Bxe4 24. Bg2 Bxg2 25. Rxc1 Nf5+ 26. Kh5 Bf3+ 27. g4 Bxg4# 0-1

[Event "GER-ch U16 Girls"]
[Site "Willingen"]
[Date "2005.05.14"]
[Round "1"]
[White "Dobrusina, Anna"]
[Black "Tovmasian, Nelli"]
[Result "0-1"]
[WhiteElo "1528"]
[BlackElo "1832"]
[PlyCount "64"]
[EventDate "2005.05.14"]
[EventType "swiss"]
[EventRounds "9"]
[EventCountry "GER"]
[SourceTitle "CBM 106 Extra"]
[Source "ChessBase"]
[SourceDate "2005.07.01"]
[SourceVersion "1"]
[SourceVersionDate "2005.07.01"]
[SourceQuality "1"]

1. e4 g6 2. d4 Bg7 3. Nf3 d6 4. Nc3 Nf6 5. Bg5 0-0 6. e5 dxe5 7. dxe5 Ng4 8. Bc4 Nxe5 9. Nxe5 Bxe5 10. 0-0 Nc6 11. Qxd8 Rxd8 12. f4 Bd4+ 13. Kh1 Bf5 14. Bb3 a6 15. Rfe1 Rd7 16. Rad1 Bg4 17. Rd3 Rad8 18. h3 Bf5 19. Rf3 Bf6 20. g4 Bxg5 21. gxf5 Nd4 22. Rff1 Bh4 23. fxg6 hxg6 24. Re4 Nf5 25. Rg1 Ng3+ 26. Rxg3 Bxg3 27. Re3 Bxf4 28. Rf3 e5 29. Ne4 Kg7 30. h4 Rh8 31. Rh3 Rd4 32. Nf2 Bd2 0-1